[Event "2. Bundesliga West 2012/13"]
[Site "Salzburg"]
[Date "2012.10.06"]
[Round "2"]
[Board "4"]
[White "Peterwagner, Heinz"]
[Black "Juergens, Klaus"]
[Result "0-1"]
[WhiteElo "2129"]
[BlackElo "2170"]
[PlyCount "100"]
[EventDate "2012.10.05"]
[EventType "team"]
[EventRounds "11"]
[EventCountry "AUT"]
[WhiteTeam "Mozart-Wals-Treuhand"]
[BlackTeam "ASK 1"]

1. e4 c5 2. Ne2 Nc6 3. g3 g6 4. Bg2 Bg7 5. O-O d6 6. h3 e6 7. d3 Nge7 8. Nbc3
O-O 9. Be3 Nd4 10. Qd2 Rb8 11. Nd1 Nxe2+ 12. Qxe2 b6 13. Qd2 d5 14. Bh6 dxe4
15. Bxg7 Kxg7 16. Qf4 Nc6 17. dxe4 e5 18. Qe3 Nb4 19. Qc1 Be6 20. Ne3 Qc8 21.
g4 Rd8 22. Nf5+ gxf5 23. Qg5+ Kf8 24. gxf5 Nxc2 25. fxe6 Qxe6 26. Rad1 Rxd1 27.
Rxd1 Nd4 28. Kh1 Re8 29. f4 Qg6 30. Qh4 exf4 31. Qxf4 Ne2 32. Qh4 Ng3+ 33. Kh2
Qh5 34. Kxg3 Qxd1 35. Qh6+ Ke7 36. Qh4+ Kd6 37. Qf6+ Kc7 38. e5 Qe1+ 39. Kf4
Qf2+ 40. Bf3 Qh2+ 41. Ke4 Qc2+ 42. Kf4 Qc4+ 43. Be4 Qc1+ 44. Kg4 Qd1+ 45. Kf4
Qf1+ 46. Bf3 Qc4+ 47. Be4 Qe6 48. Qg7 Re7 49. Bf5 Qc4+ 50. Kg5 Qd4 0-1

[Event "2. Bundesliga West 2012/13"]
[Site "Salzburg"]
[Date "2012.10.06"]
[Round "2"]
[Board "5"]
[White "Loeffler, Christoph"]
[Black "Hamberger, Hermann"]
[Result "1/2-1/2"]
[WhiteElo "2166"]
[BlackElo "2114"]
[PlyCount "63"]
[EventDate "2012.10.05"]
[EventType "team"]
[EventRounds "11"]
[EventCountry "AUT"]
[WhiteTeam "ASK 1"]
[BlackTeam "Mozart-Wals-Treuhand"]

1. e4 c5 2. Nc3 Nc6 3. f4 e6 4. Nf3 d6 5. g3 Be7 6. d3 Nf6 7. Bg2 O-O 8. O-O
Rb8 9. h3 b5 10. Ne2 c4 11. e5 cxd3 12. cxd3 Nd5 13. d4 Qb6 14. Nc3 Nxc3 15.
bxc3 Na5 16. Be3 Bb7 17. Rc1 Bd5 18. Qc2 h6 19. exd6 Bxd6 20. Ne5 Bxg2 21. Qxg2
Qc7 22. g4 Nc4 23. Nxc4 Qxc4 24. f5 Qd3 25. Rf3 Qe4 26. f6 g6 27. Rcf1 b4 28.
Bd2 bxc3 29. Bxc3 Rb1 30. Rxb1 Qxb1+ 31. Rf1 Qd3 32. Rf3 1/2-1/2

[Event "2. Bundesliga West 2012/13"]
[Site "Salzburg"]
[Date "2012.10.06"]
[Round "2"]
[Board "6"]
[White "Donegani, Peter"]
[Black "Herrmann, Michael"]
[Result "0-1"]
[WhiteElo "2083"]
[BlackElo "2149"]
[PlyCount "76"]
[EventDate "2012.10.05"]
[EventType "team"]
[EventRounds "11"]
[EventCountry "AUT"]
[WhiteTeam "Mozart-Wals-Treuhand"]
[BlackTeam "ASK 1"]

1. e4 c6 2. c4 d5 3. exd5 cxd5 4. cxd5 Nf6 5. Qa4+ Nbd7 6. Nc3 a6 7. Bc4 Rb8 8.
Bb3 b5 9. Qf4 Bb7 10. Nf3 Nb6 11. Ne5 Rc8 12. O-O Nbxd5 13. Nxd5 Bxd5 14. d4 g6
15. Be3 Bg7 16. Rac1 O-O 17. Rxc8 Qxc8 18. Rc1 Qe6 19. Rc6 Qf5 20. Qxf5 gxf5
21. Bxd5 Nxd5 22. Rxa6 Bxe5 23. dxe5 Nxe3 24. fxe3 Rd8 25. b3 b4 26. Kf2 Rd2+
27. Kf3 e6 28. Rb6 Rxa2 29. Rxb4 Rb2 30. h4 Kg7 31. Rb7 Kg6 32. b4 Kg7 33. Rb8
Kg6 34. b5 Kg7 35. b6 Kh6 36. g3 Kg6 37. b7 Kh6 38. Kf4 Rf2# 0-1

[Event "2. Bundesliga West 2012/13"]
[Site "Woergl"]
[Date "2012.10.07"]
[Round "3"]
[Board "1"]
[White "Zelbel, Patrick"]
[Black "Wegener, Olaf"]
[Result "1-0"]
[WhiteElo "2357"]
[BlackElo "2423"]
[PlyCount "74"]
[EventDate "2012.10.05"]
[EventType "team"]
[EventRounds "11"]
[EventCountry "AUT"]
[WhiteTeam "Kufstein / Woergl"]
[BlackTeam "Rochade Rum"]

1. d4 Nf6 2. c4 e6 3. Nf3 b6 4. g3 Ba6 5. Qc2 Bb7 6. Bg2 c5 7. d5 exd5 8. cxd5
Nxd5 9. O-O Be7 10. Rd1 Qc8 11. Qf5 Nf6 12. Nc3 O-O 13. Bg5 d5 14. Qxc8 Rxc8
15. Nh4 Nbd7 16. Nf5 Bf8 17. Nxd5 Bxd5 18. Bxd5 Nxd5 19. Rxd5 Nb8 20. Rad1 Nc6
21. Rd7 f6 22. Bf4 Rd8 23. e4 Rxd7 24. Rxd7 Re8 25. f3 c4 26. Bd6 Ne5 27. Bxe5
Rxe5 28. Rxa7 Rb5 29. Ra4 Rxb2 30. Rxc4 Bc5+ 31. Kh1 Rxa2 32. Nd4 Kf7 33. Nb3
Be3 34. f4 Ke6 35. Rc3 Re2 36. Rd3 g5 37. Rd5 g4 1-0

[Event "2. Bundesliga West 2012/13"]
[Site "Woergl"]
[Date "2012.10.07"]
[Round "3"]
[Board "2"]
[White "Fedorovsky, Michael"]
[Black "Bertagnolli, Alexander"]
[Result "1-0"]
[WhiteElo "2401"]
[BlackElo "2352"]
[PlyCount "97"]
[EventDate "2012.10.05"]
[EventType "team"]
[EventRounds "11"]
[EventCountry "AUT"]
[WhiteTeam "Rochade Rum"]
[BlackTeam "Kufstein / Woergl"]

1. d4 g6 2. e4 c6 3. Nc3 d5 4. h3 dxe4 5. Nxe4 Bf5 6. Ng3 Bg7 7. Nf3 Qd6 8. c3
Nd7 9. Bc4 b5 10. Bb3 Rd8 11. Ng5 e6 12. Qf3 h6 13. Nxf7 Kxf7 14. Ne4 Qe7 15.
g4 Ke8 16. Ng3 e5 17. O-O Be6 18. Qxc6 Bxb3 19. axb3 Qf6 20. Qxb5 h5 21. dxe5
Qb6 22. Qxb6 axb6 23. f4 hxg4 24. hxg4 Nc5 25. b4 Nd3 26. Be3 b5 27. Ra7 Ne7
28. Ne4 Rh4 29. Kg2 g5 30. Nxg5 Rxg4+ 31. Kf3 Rxg5 32. fxg5 Bxe5 33. Ke4 Bg7
34. g6 Ne5 35. Rxe7+ Kxe7 36. Bg5+ Ke8 37. Bxd8 Kxd8 38. Kf5 Ke7 39. Ra1 Kd6
40. Ra6+ Kd5 41. Ra7 Bf8 42. g7 Bxg7 43. Rxg7 Nc4 44. Rc7 Nxb2 45. Rc5+ Kd6 46.
Rxb5 Nd1 47. Rc5 Nb2 48. Ke4 Na4 49. Kd4 1-0

[Event "2. Bundesliga West 2012/13"]
[Site "Woergl"]
[Date "2012.10.07"]
[Round "3"]
[Board "3"]
[White "Berchtenbreiter, Maximilian"]
[Black "Gatterer, Florian"]
[Result "1-0"]
[WhiteElo "2336"]
[BlackElo "2267"]
[PlyCount "61"]
[EventDate "2012.10.05"]
[EventType "team"]
[EventRounds "11"]
[EventCountry "AUT"]
[WhiteTeam "Kufstein / Woergl"]
[BlackTeam "Rochade Rum"]

1. e4 c6 2. d4 d5 3. exd5 cxd5 4. c4 Nf6 5. Nc3 Nc6 6. cxd5 Nxd5 7. Bb5 e6 8.
Nf3 Be7 9. O-O O-O 10. Re1 Qd6 11. a3 Rd8 12. Bd3 Nf6 13. Nb5 Qb8 14. g3 Nd5
15. Qc2 g6 16. h4 a6 17. Nc3 Nf6 18. Bf4 Bd6 19. Bg5 Be7 20. Rad1 b5 21. Ne4
Nxe4 22. Bxe4 Bxg5 23. hxg5 Ne7 24. Bxa8 Qxa8 25. d5 Bb7 26. Ne5 Rc8 27. Qd2
Bxd5 28. Rc1 Rxc1 29. Rxc1 Bh1 30. f3 Bxf3 31. Qf2 1-0

[Event "2. Bundesliga West 2012/13"]
[Site "Woergl"]
[Date "2012.10.07"]
[Round "3"]
[Board "5"]
[White "Steinbacher, Thomas"]
[Black "Jedinger, Andreas"]
[Result "1-0"]
[WhiteElo "2072"]
[BlackElo "2174"]
[PlyCount "65"]
[EventDate "2012.10.05"]
[EventType "team"]
[EventRounds "11"]
[EventCountry "AUT"]
[WhiteTeam "Kufstein / Woergl"]
[BlackTeam "Rochade Rum"]

1. d4 Nf6 2. Nc3 d5 3. Bg5 h6 4. Bh4 e6 5. e3 c5 6. Nf3 Nc6 7. Be2 Be7 8. O-O
O-O 9. Na4 cxd4 10. exd4 Qa5 11. Nc3 Qb4 12. Rb1 a6 13. a3 Qa5 14. Na2 b5 15.
c3 Qb6 16. Nb4 Nxb4 17. axb4 a5 18. bxa5 Rxa5 19. b4 Ra7 20. Qd3 Ba6 21. Ne5
Rc8 22. Rb3 Rac7 23. Ra1 g5 24. Bg3 Ne4 25. Raa3 Bd6 26. Ng4 Kg7 27. Bxd6 Qxd6
28. Qh3 Rh8 29. Qe3 Qb6 30. f3 f5 31. fxe4 fxg4 32. exd5 Qd6 33. Rxa6 1-0

[Event "2. Bundesliga West 2012/13"]
[Site "Woergl"]
[Date "2012.10.07"]
[Round "3"]
[Board "6"]
[White "Moroder, Stefan"]
[Black "Kranewitter, Norbert"]
[Result "0-1"]
[WhiteElo "2112"]
[BlackElo "2074"]
[PlyCount "64"]
[EventDate "2012.10.05"]
[EventType "team"]
[EventRounds "11"]
[EventCountry "AUT"]
[WhiteTeam "Rochade Rum"]
[BlackTeam "Kufstein / Woergl"]

1. e4 c6 2. d4 d5 3. Nc3 dxe4 4. Nxe4 Bf5 5. Ng3 Bg6 6. h4 h6 7. Nf3 Nd7 8. h5
Bh7 9. Bd3 Bxd3 10. Qxd3 e6 11. Bf4 Qa5+ 12. Bd2 Bb4 13. c3 Be7 14. c4 Qc7 15.
O-O-O Ngf6 16. Ne4 O-O 17. Kb1 b5 18. Nxf6+ Nxf6 19. Ne5 bxc4 20. Qxc4 Rac8 21.
Rc1 c5 22. Nd3 Qd7 23. dxc5 Rfd8 24. Rh3 Bxc5 25. Qa6 Bb6 26. Be3 Bxe3 27. Rxe3
Nxh5 28. a3 Nf6 29. Rxc8 Rxc8 30. Nb4 Qd1+ 31. Ka2 Rc1 32. Nc2 Qd5+ 0-1

[Event "2. Bundesliga West 2012/13"]
[Site "Woergl"]
[Date "2012.10.07"]
[Round "3"]
[Board "1"]
[White "Votava, Jan"]
[Black "Bayer, Bernhard"]
[Result "1/2-1/2"]
[WhiteElo "2520"]
[BlackElo "2449"]
[PlyCount "121"]
[EventDate "2012.10.05"]
[EventType "team"]
[EventRounds "11"]
[EventCountry "AUT"]
[WhiteTeam "Zillertal"]
[BlackTeam "Schwaz"]

1. d4 Nf6 2. Nf3 e6 3. g3 d5 4. c4 c6 5. Qc2 Be7 6. Bg2 O-O 7. O-O b6 8. Bg5
Ba6 9. Nbd2 Nbd7 10. Rfe1 Bb7 11. e4 Nxe4 12. Bxe7 Qxe7 13. Nxe4 dxe4 14. Qxe4
Rfd8 15. Rac1 a5 16. Rc3 Rab8 17. Qb1 Qf8 18. c5 bxc5 19. dxc5 Nxc5 20. Ng5 g6
21. Qc2 Na6 22. a3 c5 23. Bxb7 Rxb7 24. Rf3 Qd6 25. Qe4 Qd5 26. Qh4 h5 27. Ne4
Qd4 28. Rf4 Kg7 29. Nc3 Qd2 30. Qf6+ Kg8 31. Rd1 Qxd1+ 32. Nxd1 Rxd1+ 33. Kg2
Rd5 34. Qc3 Nb8 35. Qxa5 Rxb2 36. Qc3 Rb7 37. Ra4 Nc6 38. Ra8+ Nd8 39. Rc8 Kf8
40. Rxc5 Rxc5 41. Qxc5+ Ke8 42. Kh3 Kd7 43. Kh4 Nc6 44. Kg5 Ra7 45. Kh6 Ra5 46.
Qb6 Rf5 47. Kg7 g5 48. h3 g4 49. h4 Na5 50. a4 Nc6 51. Kf8 Na5 52. Qd4+ Kc7 53.
Qa7+ Kd8 54. Qe7+ Kc8 55. Ke8 Nb7 56. Qd7+ Kb8 57. Kf8 Ka8 58. Qc6 Kb8 59. Qb6
Ka8 60. Qc6 Kb8 61. Qb6 1/2-1/2

[Event "2. Bundesliga West 2012/13"]
[Site "Woergl"]
[Date "2012.10.07"]
[Round "3"]
[Board "2"]
[White "Deglmann, Ludwig"]
[Black "Lanka, Zigurds"]
[Result "1-0"]
[WhiteElo "2323"]
[BlackElo "2422"]
[PlyCount "69"]
[EventDate "2012.10.05"]
[EventType "team"]
[EventRounds "11"]
[EventCountry "AUT"]
[WhiteTeam "Schwaz"]
[BlackTeam "Zillertal"]

1. f4 g6 2. Nf3 Bg7 3. g3 c5 4. Bg2 Nc6 5. O-O d6 6. d3 e6 7. c3 Nge7 8. e4 O-O
9. Be3 b6 10. Na3 Qd7 11. Re1 f5 12. exf5 gxf5 13. d4 Rb8 14. Bf2 Nd8 15. Qd2
Nf7 16. Rad1 Nd5 17. Ng5 Nxg5 18. fxg5 f4 19. dxc5 bxc5 20. Rxe6 Ne3 21. Bxe3
fxe3 22. Rxe3 Bb7 23. Bxb7 Qxb7 24. Nc4 Kh8 25. Qg2 Qf7 26. Nxd6 Qxa2 27. Re2
Qa6 28. Rf2 Rxf2 29. Qxf2 Qc6 30. Qe2 Rf8 31. Qe4 Qd7 32. g6 hxg6 33. Qxg6 Qh3
34. Nf7+ Kg8 35. Rd8 1-0

[Event "2. Bundesliga West 2012/13"]
[Site "Woergl"]
[Date "2012.10.07"]
[Round "3"]
[Board "3"]
[White "Hausner, Ivan"]
[Black "Fuchs, Georg"]
[Result "1/2-1/2"]
[WhiteElo "2408"]
[BlackElo "2308"]
[PlyCount "112"]
[EventDate "2012.10.05"]
[EventType "team"]
[EventRounds "11"]
[EventCountry "AUT"]
[WhiteTeam "Zillertal"]
[BlackTeam "Schwaz"]

1. c4 e5 2. Nc3 Nf6 3. Nf3 Nc6 4. e3 Be7 5. d4 exd4 6. Nxd4 O-O 7. Be2 Re8 8.
O-O Bf8 9. b3 g6 10. Bb2 Bg7 11. Qd2 Nxd4 12. exd4 d5 13. cxd5 Nxd5 14. Nxd5
Qxd5 15. Bf3 Qb5 16. d5 Bxb2 17. Qxb2 Bd7 18. Rac1 Rac8 19. h4 h5 20. Rfd1 c6
21. Qf6 Qb4 22. dxc6 Bxc6 23. Bxc6 Rxc6 24. Rxc6 bxc6 25. Rd7 Qf8 26. g3 Re6
27. Qd4 a6 28. Rd8 Re8 29. Rd6 Rc8 30. Rd7 Re8 31. Qc4 Re1+ 32. Kg2 Qe8 33. Qd3
Qe2 34. Qxe2 Rxe2 35. a4 Rb2 36. Rd3 Rc2 37. Rd8+ Kg7 38. Ra8 Rb2 39. Rxa6 Rxb3
40. Rxc6 Ra3 41. Rc4 f6 42. Kf1 g5 43. Kg2 Kg6 44. hxg5 fxg5 45. Rc6+ Kf5 46.
Rc5+ Kg6 47. Ra5 g4 48. Ra8 Ra1 49. a5 Kg7 50. a6 Kh7 51. f4 gxf3+ 52. Kxf3 Ra4
53. Ke3 Rg4 54. Kf3 Ra4 55. Ke2 Ra3 56. a7 Kg7 1/2-1/2

[Event "2. Bundesliga West 2012/13"]
[Site "Woergl"]
[Date "2012.10.07"]
[Round "3"]
[Board "4"]
[White "Blaas, Hansjoerg"]
[Black "Kleissl, Helmut"]
[Result "1/2-1/2"]
[WhiteElo "2259"]
[BlackElo "2290"]
[PlyCount "65"]
[EventDate "2012.10.05"]
[EventType "team"]
[EventRounds "11"]
[EventCountry "AUT"]
[WhiteTeam "Schwaz"]
[BlackTeam "Zillertal"]

1. e4 d6 2. d4 Nf6 3. Bd3 e5 4. d5 Be7 5. c4 O-O 6. Ne2 c6 7. Nbc3 b5 8. cxb5
cxd5 9. Nxd5 Nxd5 10. exd5 f5 11. O-O a6 12. bxa6 Bf6 13. Nc3 Nxa6 14. Bd2 Nc5
15. Bc4 Qb6 16. Rb1 Ba6 17. Bxa6 Qxa6 18. b3 e4 19. a4 Nd3 20. Nb5 Rac8 21. b4
Be5 22. Qb3 f4 23. Bc3 f3 24. Bxe5 Nxe5 25. Rfe1 fxg2 26. Rxe4 Nf3+ 27. Kxg2
Nd2 28. Qd3 Nxe4 29. Qxe4 Rce8 30. Qc2 Qb6 31. Rf1 Qd8 32. Qd2 Qh4 33. f3
1/2-1/2

[Event "2. Bundesliga West 2012/13"]
[Site "Woergl"]
[Date "2012.10.07"]
[Round "3"]
[Board "5"]
[White "Platzgummer, Fabian"]
[Black "Gruber, Michael"]
[Result "1-0"]
[WhiteElo "2311"]
[BlackElo "2155"]
[PlyCount "95"]
[EventDate "2012.10.05"]
[EventType "team"]
[EventRounds "11"]
[EventCountry "AUT"]
[WhiteTeam "Zillertal"]
[BlackTeam "Schwaz"]

1. Nf3 f5 2. d3 d6 3. e4 e5 4. Nc3 Nc6 5. exf5 Bxf5 6. d4 Nxd4 7. Nxd4 exd4 8.
Qxd4 c6 9. Bf4 Qf6 10. Qe3+ Qe7 11. O-O-O Qxe3+ 12. Bxe3 Nf6 13. h3 d5 14. g4
Bg6 15. Bg2 Bb4 16. Ne2 O-O 17. Nf4 Bf7 18. Nd3 Bd6 19. f4 Rfe8 20. Bd4 Nd7 21.
Rhe1 c5 22. Be5 Bxe5 23. fxe5 c4 24. e6 Bxe6 25. Rxe6 cxd3 26. Bxd5 Kf8 27.
Rxd3 Rxe6 28. Bxe6 Ne5 29. Re3 Nc6 30. c3 Rd8 31. Kc2 Rd6 32. b4 Ne7 33. a4 Nd5
34. Bxd5 Rxd5 35. c4 Rd4 36. Kc3 Rf4 37. c5 a5 38. b5 Rxa4 39. Re6 Ra1 40. Rb6
Rc1+ 41. Kd4 Rd1+ 42. Ke5 Re1+ 43. Kd6 Rd1+ 44. Kc7 Rd5 45. c6 bxc6 46. bxc6
Ke7 47. Kb7 Rc5 48. Rb1 1-0

[Event "2. Bundesliga West 2012/13"]
[Site "Woergl"]
[Date "2012.10.07"]
[Round "3"]
[Board "6"]
[White "Kondrak, Christof"]
[Black "Tabernig, Bernhard"]
[Result "0-1"]
[WhiteElo "2192"]
[BlackElo "2327"]
[PlyCount "80"]
[EventDate "2012.10.05"]
[EventType "team"]
[EventRounds "11"]
[EventCountry "AUT"]
[WhiteTeam "Schwaz"]
[BlackTeam "Zillertal"]

1. d4 d5 2. Nf3 c6 3. Bf4 Bf5 4. e3 Qb6 5. Qc1 Nd7 6. Nbd2 h6 7. c4 e6 8. c5
Qd8 9. b4 a6 10. Be2 Ngf6 11. h3 Be7 12. O-O O-O 13. a4 Ne4 14. Nb3 Bf6 15. Na5
Ra7 16. Qa3 Re8 17. Rac1 e5 18. dxe5 Nxe5 19. Nd4 Bd7 20. Rfd1 Ng6 21. Bf1 Nxf4
22. exf4 Bxd4 23. Rxd4 Qf6 24. Rcd1 Qxf4 25. Qb2 Qc7 26. Nc4 Bf5 27. Ne3 Bg6
28. b5 axb5 29. axb5 Qa5 30. bxc6 bxc6 31. Nxd5 cxd5 32. c6 Nf6 33. Rb4 Rc8 34.
Rc1 Qa3 35. Qxa3 Rxa3 36. g4 Ne8 37. Bg2 Nc7 38. Rc5 Na6 39. Rbb5 Nxc5 40. Rxc5
Be4 0-1

[Event "2. Bundesliga West 2012/13"]
[Site "Hohenems"]
[Date "2012.10.07"]
[Round "3"]
[Board "1"]
[White "Krassowizkij, Jaroslaw"]
[Black "Breder, Dennis"]
[Result "0-1"]
[WhiteElo "2404"]
[BlackElo "2438"]
[PlyCount "34"]
[EventDate "2012.10.05"]
[EventType "team"]
[EventRounds "11"]
[EventCountry "AUT"]
[WhiteTeam "Goetzis"]
[BlackTeam "Hohenems II"]

1. c4 e6 2. g3 d5 3. Bg2 dxc4 4. Nf3 Nf6 5. O-O a6 6. a4 Nc6 7. a5 Bb4 8. Qa4
Nd7 9. Ne1 Ndb8 10. Nc2 Bxa5 11. Qxc4 O-O 12. b4 Bb6 13. Ra3 e5 14. g4 Nd4 15.
Nxd4 exd4 16. f4 Bxg4 17. Rg3 Bxe2 0-1

[Event "2. Bundesliga West 2012/13"]
[Site "Hohenems"]
[Date "2012.10.07"]
[Round "3"]
[Board "3"]
[White "Anistratov, Dmitrij"]
[Black "Novkovic, Milan"]
[Result "1/2-1/2"]
[WhiteElo "2332"]
[BlackElo "2400"]
[PlyCount "69"]
[EventDate "2012.10.05"]
[EventType "team"]
[EventRounds "11"]
[EventCountry "AUT"]
[WhiteTeam "Goetzis"]
[BlackTeam "Hohenems II"]

1. d4 d5 2. Nf3 Nf6 3. Bf4 c6 4. e3 Bg4 5. Be2 e6 6. Nbd2 Bd6 7. Bxd6 Qxd6 8.
Ne5 Bxe2 9. Qxe2 O-O 10. O-O c5 11. c3 Nc6 12. f4 b6 13. Rad1 Nd7 14. Qb5 Rfc8
15. Qd3 f6 16. Nxc6 Qxc6 17. e4 Nf8 18. f5 cxd4 19. Qxd4 dxe4 20. Qxe4 Qxe4 21.
Nxe4 Rd8 22. fxe6 Nxe6 23. g3 Kf8 24. Rfe1 Ke7 25. c4 Rxd1 26. Rxd1 Rd8 27.
Rxd8 Nxd8 28. Kf2 Ke6 29. Ke3 Nc6 30. b3 h6 31. Nc3 f5 32. Nd5 g5 33. h4 Ke5
34. h5 Nd4 35. Ne7 1/2-1/2

[Event "2. Bundesliga West 2012/13"]
[Site "Hohenems"]
[Date "2012.10.07"]
[Round "3"]
[Board "4"]
[White "Atlas, Dmitry"]
[Black "Mittelberger, Peter"]
[Result "1/2-1/2"]
[WhiteElo "2255"]
[BlackElo "2217"]
[PlyCount "82"]
[EventDate "2012.10.05"]
[EventType "team"]
[EventRounds "11"]
[EventCountry "AUT"]
[WhiteTeam "Hohenems II"]
[BlackTeam "Goetzis"]

1. e4 d6 2. d4 Nf6 3. Nc3 g6 4. f3 c6 5. Be3 b5 6. g4 a6 7. g5 Nh5 8. Nce2 h6
9. gxh6 Bxh6 10. Bxh6 Rxh6 11. Qd2 Rh8 12. Bg2 Qc7 13. f4 Nd7 14. a4 Bb7 15.
Nf3 Ndf6 16. Ng5 e5 17. O-O exd4 18. Qxd4 c5 19. Qd3 bxa4 20. c4 Nh7 21. Qc3 f6
22. Ne6 Qd7 23. f5 gxf5 24. exf5 Bxg2 25. Kxg2 Kf7 26. Qf3 Rag8+ 27. Kh1 Ng5
28. Nxg5+ Rxg5 29. Qd5+ Kg7 30. Rg1 Qe7 31. Qe6 Qxe6 32. fxe6 Re8 33. Rxa4 Rxe6
34. Nc3 Rxg1+ 35. Kxg1 Re1+ 36. Kf2 Rc1 37. Rxa6 Rc2+ 38. Kf3 Rxb2 39. Ne4 Rxh2
40. Rxd6 Rc2 41. Rd5 Kg6 1/2-1/2

[Event "2. Bundesliga West 2012/13"]
[Site "Hohenems"]
[Date "2012.10.07"]
[Round "3"]
[Board "5"]
[White "Kranz, Armin"]
[Black "Kessler, Luca"]
[Result "0-1"]
[WhiteElo "2142"]
[BlackElo "2242"]
[PlyCount "54"]
[EventDate "2012.10.05"]
[EventType "team"]
[EventRounds "11"]
[EventCountry "AUT"]
[WhiteTeam "Goetzis"]
[BlackTeam "Hohenems II"]

1. d4 d5 2. Nf3 Nf6 3. c4 e6 4. g3 dxc4 5. Bg2 Nc6 6. O-O Rb8 7. Nc3 b5 8. Ne5
Nxe5 9. dxe5 Nd7 10. Qd4 c5 11. Qe3 Qc7 12. f4 Be7 13. Qf2 O-O 14. Be3 a6 15.
Rfd1 Bb7 16. Rd2 Bxg2 17. Qxg2 Nb6 18. a4 b4 19. Ne4 c3 20. bxc3 Nc4 21. Rd3 b3
22. Nd2 b2 23. Rb1 Na3 24. c4 Nxb1 25. Nxb1 Qa5 26. Qf1 Qxa4 27. Qe1 Qxc4 0-1

[Event "2. Bundesliga West 2012/13"]
[Site "Hohenems"]
[Date "2012.10.07"]
[Round "3"]
[Board "6"]
[White "Sandholzer, Robert"]
[Black "Scheffknecht, Philipp"]
[Result "1/2-1/2"]
[WhiteElo "2155"]
[BlackElo "2065"]
[PlyCount "58"]
[EventDate "2012.10.05"]
[EventType "team"]
[EventRounds "11"]
[EventCountry "AUT"]
[WhiteTeam "Hohenems II"]
[BlackTeam "Goetzis"]

1. e4 d6 2. d4 Nf6 3. Nc3 g6 4. g3 Bg7 5. Bg2 O-O 6. Nge2 e5 7. O-O Nbd7 8. h3
Re8 9. Be3 c6 10. a4 a5 11. Qd2 exd4 12. Bxd4 Ne5 13. Rad1 Qc7 14. f4 Nc4 15.
Qc1 Bxh3 16. Bxh3 Nxe4 17. Rf3 Bxd4+ 18. Nxd4 d5 19. Kh2 f5 20. Bf1 Ncd6 21.
Re3 Re7 22. Rde1 Rae8 23. Nf3 Qb6 24. Nxe4 fxe4 25. Ne5 Nf5 26. R3e2 Nd4 27.
Re3 Nf5 28. R3e2 Nd4 29. Re3 Nf5 1/2-1/2

[Event "2. Bundesliga West 2012/13"]
[Site "Hohenems"]
[Date "2012.10.07"]
[Round "3"]
[Board "1"]
[White "Medvegy, Zoltan"]
[Black "Serafimov, Tervel"]
[Result "1-0"]
[WhiteElo "2555"]
[BlackElo "2425"]
[PlyCount "115"]
[EventDate "2012.10.05"]
[EventType "team"]
[EventRounds "11"]
[EventCountry "AUT"]
[WhiteTeam "ATSV Ranshofen"]
[BlackTeam "Bregenz"]

1. e4 c6 2. d4 d5 3. e5 g6 4. c3 Bg7 5. f4 h5 6. Nf3 Nh6 7. Be2 Bg4 8. O-O e6
9. Be3 Nf5 10. Bf2 Bh6 11. Qd2 Nd7 12. Na3 Rc8 13. Rfe1 Bf8 14. Nc2 Nb6 15. b3
Be7 16. a4 a5 17. Ng5 Bxe2 18. Rxe2 Qc7 19. Na3 Nd7 20. Nf3 Bxa3 21. Rxa3 c5
22. Ra1 c4 23. b4 axb4 24. cxb4 c3 25. Qa2 O-O 26. Rc2 Qc4 27. Qa3 Rc7 28. Rd1
Rfc8 29. h3 Nb8 30. b5 Nd7 31. Kh2 Ra8 32. Rdc1 Rxa4 33. Qxc3 Qxc3 34. Rxc3
Rac4 35. Rxc4 Rxc4 36. Ra1 Rb4 37. Ra8+ Kg7 38. Rd8 Nf8 39. g4 hxg4 40. hxg4
Nh6 41. Bh4 g5 42. Bxg5 Nxg4+ 43. Kh3 Nf2+ 44. Kg2 Ne4 45. Bf6+ Nxf6 46. exf6+
Kxf6 47. Rxf8 Ke7 48. Rc8 Rxb5 49. Rc7+ Ke8 50. Ng5 Rb4 51. Nxf7 Rxd4 52. Kf3
b5 53. Ne5 Rd1 54. Rb7 Rf1+ 55. Ke3 Rb1 56. Kd4 Kf8 57. Ng6+ Kg8 58. Ke5 1-0

[Event "2. Bundesliga West 2012/13"]
[Site "Hohenems"]
[Date "2012.10.07"]
[Round "3"]
[Board "2"]
[White "Weindl, Alfred"]
[Black "Webersberger, Johann"]
[Result "0-1"]
[WhiteElo "2329"]
[BlackElo "2392"]
[PlyCount "80"]
[EventDate "2012.10.05"]
[EventType "team"]
[EventRounds "11"]
[EventCountry "AUT"]
[WhiteTeam "Bregenz"]
[BlackTeam "ATSV Ranshofen"]

1. Nf3 g6 2. g3 Bg7 3. Bg2 c5 4. O-O Nc6 5. d3 e6 6. e4 Nge7 7. Nc3 d6 8. Bg5
f6 9. Be3 e5 10. Ne2 O-O 11. c3 b6 12. d4 Kh8 13. Re1 Na5 14. b3 Be6 15. Rc1
Qc7 16. Nd2 Nb7 17. d5 Bg8 18. Qc2 f5 19. Bg5 Nd8 20. Rcd1 h6 21. Bxe7 Qxe7 22.
exf5 gxf5 23. f4 e4 24. Nc4 b5 25. Ne3 Bh7 26. b4 Nf7 27. Bh3 Qf6 28. Qb3 Rfb8
29. Rd2 a5 30. Red1 axb4 31. cxb4 c4 32. Qb1 Ra3 33. Nc2 Rd3 34. Ncd4 h5 35.
Ne6 Nh6 36. Kg2 Ng4 37. Bxg4 fxg4 38. N2d4 Qf7 39. f5 Bxd4 40. Nxd4 Qxd5 0-1

[Event "2. Bundesliga West 2012/13"]
[Site "Hohenems"]
[Date "2012.10.07"]
[Round "3"]
[Board "3"]
[White "Dovzik, Juri"]
[Black "Dobosz, Henryk"]
[Result "1/2-1/2"]
[WhiteElo "2346"]
[BlackElo "2385"]
[PlyCount "44"]
[EventDate "2012.10.05"]
[EventType "team"]
[EventRounds "11"]
[EventCountry "AUT"]
[WhiteTeam "ATSV Ranshofen"]
[BlackTeam "Bregenz"]

1. d4 d5 2. c4 dxc4 3. e3 e6 4. Bxc4 Nf6 5. Nf3 a6 6. a4 b6 7. O-O Bb7 8. Nc3
Bb4 9. Qe2 Nbd7 10. Bd3 c5 11. Na2 Ba5 12. Rd1 Qe7 13. b3 O-O 14. Bb2 Nd5 15.
Bc4 Rfd8 16. Rac1 N5f6 17. h3 h6 18. Ba1 Nd5 19. Bb2 N5f6 20. Ba1 Nd5 21. Bb2
N5f6 22. Ba1 Nd5 1/2-1/2

[Event "2. Bundesliga West 2012/13"]
[Site "Hohenems"]
[Date "2012.10.07"]
[Round "3"]
[Board "4"]
[White "Bezler, Rainer"]
[Black "Ager, Josef"]
[Result "0-1"]
[WhiteElo "2242"]
[BlackElo "2170"]
[PlyCount "86"]
[EventDate "2012.10.05"]
[EventType "team"]
[EventRounds "11"]
[EventCountry "AUT"]
[WhiteTeam "Bregenz"]
[BlackTeam "ATSV Ranshofen"]

1. d4 Nf6 2. c4 g6 3. Nc3 Bg7 4. e4 d6 5. Nf3 O-O 6. Be2 e5 7. O-O Nc6 8. d5
Ne7 9. Ne1 Nd7 10. Be3 f5 11. f3 f4 12. Bf2 g5 13. Rc1 Ng6 14. c5 Nxc5 15. b4
Na6 16. Nd3 Rf7 17. Nb5 b6 18. Rc3 Bd7 19. a4 h5 20. Qb3 g4 21. Rfc1 Bh6 22.
Kh1 g3 23. Bg1 gxh2 24. Bf2 Bg5 25. Qd1 Bh4 26. Qe1 Bxf2 27. Nxf2 Be8 28. Nxd6
cxd6 29. Bxa6 Kh7 30. Rc8 Rxc8 31. Rxc8 Qe7 32. a5 bxa5 33. bxa5 Rg7 34. Bf1
Nh4 35. Nd1 Nxf3 36. Qf2 Nd4 37. a6 Ba4 38. Nc3 Bc2 39. Kxh2 Rg3 40. Be2 Qh4+
41. Kg1 f3 42. Bf1 Bd3 43. Rc7+ Kg6 0-1